000 00666cab a2200253 4500
001 ABS44727
008 090401t1991 xxu||||| |||| 00| 0 eng d
035 _a(Sirsi) u48786
041 _aeng
100 _aSimpson, B.
245 _aLife cycle of an option agreement
260 _c1991
350 _a0
490 _aEstates Gazette
_v(9121) 1 June 1991, 98-120(2)
520 _aGives guidance to the setting up of an option agreement .
650 _aCONTRACT
650 _aPLANNING PERMISSION
650 _aTAXATION
650 _aValuation
_96273
690 _aPLANNING LAW AND PRACTICE
700 _aReuben, R.
942 _n0
948 _c04/03/1997
999 _c30636
_d30636